Lockheed Martin Corporation

Pojem "skunk works" - v modernom manažmente autonómna jednotka pracujúca na riešení konkrétnej úlohy. Kolíska tohto modelu - Lockheed Corporation - najväčší dodávateľ vojenskej techniky a vyspelých zbrojných a vesmírnych systémov. Vznik a história korporácie. Tajný projekt. Osobnosti korporácie.

Guardado en:
Detalles Bibliográficos
Autor principal: Kapoun, Jan
Formato: Capítulo de libro
Lenguaje:checo
Materias:
Etiquetas: Agregar Etiqueta
Sin Etiquetas, Sea el primero en etiquetar este registro!

MARC

LEADER 00000naa a2200000 4500
001 0135712
005 20240315070614.9
041 0 |a cze 
044 |a CZ 
245 1 0 |a Lockheed Martin Corporation  |c Jan Kapoun 
520 |a Pojem "skunk works" - v modernom manažmente autonómna jednotka pracujúca na riešení konkrétnej úlohy. Kolíska tohto modelu - Lockheed Corporation - najväčší dodávateľ vojenskej techniky a vyspelých zbrojných a vesmírnych systémov. Vznik a história korporácie. Tajný projekt. Osobnosti korporácie. 
610 2 0 |a korporácie 
610 2 0 |a riadenie 
610 2 0 |a história 
610 2 0 |a projekty 
610 2 0 |a vývoj 
610 2 0 |a výskum 
610 2 0 |a technika vojenská 
610 2 0 |a technológie informačné 
610 2 0 |a systémy informačné 
610 2 0 |a USA 
100 1 |a Kapoun, Jan